000 00487ntaaa2200193 4500
003 01
005 20251027202338.0
008 0714s1973 ag 01
040 _aAR-BaBN
_bspa
_cAR-BaBN
_eaacr
_dRIC
082 _a296.3000 R79
100 _aRowley, H.H.
_9835
245 _aProphecy and religion in ancient China and Israel
250 _a1 ed.
260 _aNew York :
_bHarper and Brothers,
_cc1956
300 _a154 p
650 _aIsrael
_95923
650 _aprofecĂ­a
942 _cBK
999 _c18315
_d18315